| 000 | 00891nam a22002657a 4500 | ||
|---|---|---|---|
| 001 | 9168 | ||
| 003 | FISKH | ||
| 005 | 20251126133908.0 | ||
| 008 | 251126b cb ||||| |||| 00| 0 eng d | ||
| 020 | _a033500204050 | ||
| 040 |
_aFISKH _beng _cFISKH _dFISKH |
||
| 050 | _aQL668.E2 F77 | ||
| 082 | _a597.89 | ||
| 100 | _aHayden, Kate | ||
| 245 | _aFrogs / | ||
| 260 |
_aNew York : _bGolden Books, _c1999. |
||
| 300 |
_a24 pages : _bcolor illustrations ; _c21 cm |
||
| 505 | _aN | ||
| 520 | _aHop along with the amazing frogs in this book! Did you know that some frogs are over a foot Long? Or that some frogs are more poisonous than rattlesnakes? Learn all about frogs -- where they live, what they eat, and why they hop! | ||
| 521 | 8 |
_a580
_bLexile estimate |
|
| 521 | 8 |
_aN
_bRaz-Plus |
|
| 650 |
_aAnimals _vScience _xInformation |
||
| 942 |
_2ddc _cBK _n0 |
||
| 999 |
_c9168 _d9168 |
||